| 000 | 00647nam a2200205 i 4500 | ||
|---|---|---|---|
| 001 | bgj | ||
| 245 | 0 | 0 |
_aLongman dictionary of English language and culture / _cDella Summers, editorial director. |
| 260 |
_aHarlow, England : _bLongman, _c1992. |
||
| 300 |
_a31, 1528, 27 pp : _bill, maps (includes colour) ; _c24 cm. |
||
| 650 | 9 |
_aEnglish language _xDictionaries |
|
| 650 | 9 | _aLanguages and culture | |
| 655 | _aDictionaries | ||
| 700 | 1 |
_aSUMMERS, Della. _eeditorial director |
|
| 020 | _a0582237203 (pbk) | ||
| 040 | _cBPK | ||
| 041 | 0 | _aeng | |
| 920 | _a0-582-23720-3 (pbk) | ||
| 942 | _cKS | ||
| 008 | s uk f |000 0 eng | ||
| 999 |
_c48112 _d48112 |
||
| 856 |
_uhttp://koha.tu.koszalin.pl/cgi-bin/koha/opac-detail.pl?biblionumber=48112 _yKatalog online BPK |
||